| 000 | 00702nam a2200205 i 4500 | ||
|---|---|---|---|
| 001 | 187346 | ||
| 003 | ES-MaACL | ||
| 005 | 20250807123129.0 | ||
| 008 | 170612s1930 fr a |||| | fre d | ||
| 080 | _a821.133.1-31"19" | ||
| 100 | 1 |
_aImann, Georges. _9163028 |
|
| 245 | 1 | 4 |
_aLes nocturnes / _cGeorges Imann ; 36 bois originaux de Renefer. |
| 260 |
_aParis : _bArthème Fayard & Cie., _c[1930] |
||
| 300 |
_a126 p. : _bil. ; _c24 cm. |
||
| 490 | 1 |
_aLe livre de demain ; _v89 |
|
| 700 | 1 |
_aRenefer, _d1879-1957 _9163029 |
|
| 830 | 0 |
_aLe livre de demain ; _v89 _9183404 |
|
| 852 |
_aES-MaACL _jL-31698 _z. - Donat. herederos de la bibl. de Mª del Pilar Costa Palacín |
||
| 999 |
_c187346 _d187346 |
||